| 000 | 00710nac a22002171u 4500 | ||
|---|---|---|---|
| 010 | _a 95016007 | ||
| 020 | _a1558284249 | ||
| 082 | 0 | 0 |
_a004.67 _bB135 |
| 090 |
_c4509 _d4509 |
||
| 100 | _aBadgett, Tom. | ||
| 245 | 1 | 0 |
_aWelcome to-- the Internet / _cTom Badgett. |
| 250 | _a2nd ed. | ||
| 260 |
_aNew York, NY : _bMIS-Press,1995 _cc1995. |
||
| 300 |
_axiii, 461 p. : _bill. ; _c24 cm. |
||
| 500 | _aRev. ed. of: Welcome to-- Internet. 1993. | ||
| 500 | _aIncludes index. | ||
| 650 | 0 | _aInternet. | |
| 700 | 1 | _aBadgett, Tom. | |
| 942 |
_cBB _k004.67B135 |
||
| 999 |
_c4509 _d4509 |
||